| 000 | 00428nam a22001697a 4500 | ||
|---|---|---|---|
| 005 | 20250213102103.0 | ||
| 008 | 250213b |||||||| |||| 00| 0 eng d | ||
| 020 | _a812590638-x | ||
| 050 |
_aHG4011 _bPAN |
||
| 100 | _aPandey, I. M. | ||
| 245 | _aFinancial management | ||
| 250 | _a8th | ||
| 260 |
_aNew Delhi _bVIKAS Publishing house Pvt Ltd _cc1999 |
||
| 300 | _axxiv, 1226p | ||
| 500 | _aSubject index | ||
| 942 |
_2lcc _cBK _n0 |
||
| 999 |
_c3828 _d3828 |
||